Southville International School and Colleges
Your cart is empty.
  • Cart
  • Lists
    Public lists Eva Luna New books Lux_list list_1
    Your lists Log in to create your own lists
  • Log in to your account
  • Your cookies
  • Search history
Southville International School and Colleges
  • Advanced search
  • Recent comments
  • Most popular
  • Libraries

Log in to your account

Log in with GOOGLE


If you do not have an external account, but do have a local account, you can still log in:

  1. Home
  2. MARC view: In chancery /
Normal view MARC view ISBD view

In chancery / (Record no. 7490)

[ view plain ]
MARC details
000 -LEADER
fixed length control field 00496nam a22001937a 4500
003 - CONTROL NUMBER IDENTIFIER
control field SISC
005 - DATE AND TIME OF LATEST TRANSACTION
control field 20160318082311.0
008 - FIXED-LENGTH DATA ELEMENTS--GENERAL INFORMATION
fixed length control field 130723t xxu||||| |||| 00| 0 eng d
020 ## - INTERNATIONAL STANDARD BOOK NUMBER
International Standard Book Number 9781853262227
050 ## - LIBRARY OF CONGRESS CALL NUMBER
Classification number PR 6013
Item number .G178 1994
082 ## - DEWEY DECIMAL CLASSIFICATION NUMBER
Classification number CLA G13i
Item number 1994
100 ## - MAIN ENTRY--PERSONAL NAME
Personal name Galsworthy, John
9 (RLIN) 3233
245 ## - TITLE STATEMENT
Title In chancery /
Statement of responsibility, etc John Galsworthy.
260 ## - PUBLICATION, DISTRIBUTION, ETC. (IMPRINT)
Place of publication, distribution, etc London :
Name of publisher, distributor, etc Wordsworth Classics,
Date of publication, distribution, etc c1994.
300 ## - PHYSICAL DESCRIPTION
Extent 229 p.:
Dimensions 20 cm.
562 ## - COPY AND VERSION IDENTIFICATION NOTE
Number of copies 1
942 ## - ADDED ENTRY ELEMENTS (KOHA)
Source of classification or shelving scheme Library of Congress Classification
Koha item type Books
Holdings
Withdrawn status Lost status Source of classification or shelving scheme Damaged status Home library Current library Shelving location Date acquired Total Checkouts Full call number Barcode Date last seen Copy number Price effective from Koha item type
    Library of Congress Classification   Luxembourg Library Luxembourg Library Classic Section 07/23/2013   PR 6013 .G178 1994 2094 03/18/2016 1 07/23/2013 Books

In chancery /

APA

Galsworthy J., . (1994). In chancery. London: Wordsworth Classics.

Chicago

Galsworthy John, . 1994. In chancery. London: Wordsworth Classics.

Harvard

Galsworthy J., . (1994). In chancery. London: Wordsworth Classics.

MLA

Galsworthy John, . In chancery. London: Wordsworth Classics. 1994.

  • Place hold
  • Print
  • Cite
  • Add to your cart (remove)
  • Save record
    BIBTEX Dublin Core MARCXML MARC (non-Unicode/MARC-8) MARC (Unicode/UTF-8) MARC (Unicode/UTF-8, Standard) MODS (XML) RIS
  • More searches
    Search for this title in:
    Other Libraries (WorldCat) Other Databases (Google Scholar) Online Stores (Bookfinder.com) Open Library (openlibrary.org)

Exporting to Dublin Core...

SOUTHVILLE LIBRARY

Southville International School and Colleges Library

1281 Tropical Ave. Cor. Luxembourg St., BF Homes International, Las Pinas City

Tel. No. 8256374 / 252358 Loc. 117/146

Powered by Koha